000 00540nam a22002297a 4500
003 UA-OsUOA
001 87330
007 ta
008 20120918b un ||||| |||| 00| 0 ukr d
100 _aПавлюченко Э. А.
090 _a94(47+57)
_bП12
942 _cBK
040 _aUA-OsUOA
_brus
_cUA-OsUOA
_dUA-OsUOA
245 _aВ добровольном изгнании
300 _a157 с.
955 _a0
041 _arus
080 _a94(47+57)
260 _aМ.
_bНаука
_c1976
650 7 _2UDC
999 _c373567
_d373567